01763nam a2200445 i 450000100060000000300080000600500170001400600190003100700150005000800410006502000180010603500230012403500240014703500250017103500210019604000310021705000220024808200150027024501340028526400610041930000410048033600310052133700330055233800430058549000170062850000230064558801230066859001640079165000560095565000460101165000130105765000130107065500270108370000460111070000450115679700190120183000180122085600620123899900170130062455FlNmELB20241217142246.0m o d | cr cnu||||||||140513s2008 mx o 001 0 spa d z9786074020052 a(MiAaPQ)EBC3218502 a(Au-PeEL)EBL3218502 a(CaPaEBR)ebr10844572 a(OCoLC)992030858 aFINmELBbspaerdacFINmELB 4aGB5014bT938 20080 a363.3422300aTurismo :bdesastres naturales, sociedad y medio ambiente /cAlejandro Palafox Muñoz, Osear Frausto Martínez (coordinadores). 1aMéxico D.F. :bPlaza y Valdés S. A. de C. V.,c2008. a1 recurso en línea (515 páginas) atextobtxt2rdacontent/spa acomputadorabc2rdamedia/spa arecurso en líneabcr2rdacarrier/spa1 aSociología aContiene índice. aDescripción basada en recurso en línea; Título de la página del título en PDF (e-libro, visto May 13, 2014). aRecurso electrónico. Santa Fe, Arg.: e-libro, 2015. Disponible vía World Wide Web. El acceso puede estar limitado para las bibliotecas afiliadas a e-libro. 4aCatástrofes naturalesxAspectos medioambientales. 0aNatural disastersxEnvironmental aspects. 0aTourism. 4aTurismo. 4aLibros electrónicos.1 aPalafox Muñoz, Alejandro,ecoordinador.1 aFrausto Martínez, Osear,ecoordinador.2 ae-libro, Corp. 0aSociología.40uhttps://elibro.net/ereader/politecnicointernacional/38795 c62455d62455